Estrategias didácticas desde la perspectiva constructivista apoyadas con medios digitales para la Escuela de Bibliotecología y Ciencias de la Información, Universidad de Costa Rica /
Uloženo v:
| Hlavní autor: | |
|---|---|
| Médium: | Diplomová práce Elektronický zdroj |
| Jazyk: | Spanish |
| Vydáno: |
[San José, Costa Rica] :
E.González P.,
2012
|
| Témata: | |
| Tagy: |
Přidat tag
Žádné tagy, Buďte první, kdo vytvoří štítek k tomuto záznamu!
|
MARC
| LEADER | 00000nmm a2200000 a 4500 | ||
|---|---|---|---|
| 008 | 180926b2012 cr ||||| |||| 00| | spa d | ||
| 999 | |c 2492 |d 2492 | ||
| 090 | |a CD #240 | ||
| 100 | |a González Pérez, Esteban |9 1905 | ||
| 245 | 1 | 0 | |a Estrategias didácticas desde la perspectiva constructivista apoyadas con medios digitales para la Escuela de Bibliotecología y Ciencias de la Información, Universidad de Costa Rica / |c Esteban González Pérez |
| 260 | |a [San José, Costa Rica] : |b E.González P., |c 2012 | ||
| 300 | |a disco compacto | ||
| 502 | |a Tesis (Maestría profesional en gerencia de la información) Universidad de Costa Rica. Sistema de Estudios de Posgrado. Programa de Posgrado en Bibliotecología y Estudios de la Información | ||
| 610 | 4 | |9 3686 |a UNIVERSIDAD DE COSTA RICA. FACULTAD DE EDUCACIÓN. ESCUELA DE BIBLIOTECOLOGÍA Y CIENCIAS DE LA INFORMACIÓN | |
| 650 | 1 | 4 | |a ESTRATEGIAS EDUCATIVAS |9 812 |
| 650 | 1 | 4 | |a DOCENCIA UNIVERSITARIA |9 920 |
| 650 | 1 | 4 | |a TECNOLOGÍA DE LA INFORMACIÓN |9 484 |
| 650 | 1 | 4 | |a TECNOLOGÍA EDUCATIVA |9 483 |
| 650 | 1 | 4 | |a CONSTRUCTIVISMO (EDUCACIÓN) |9 419 |
| 942 | |i 003697 |h CD #240 |2 z |c 08 | ||
